=LDR 00000nam 2200000 4500 =001 INLIS000000000022009 =005 20150325104259.0 =006 =007 =008 Ind =035 ##$$0010-061300000022009 =041 ##$$a Ind =082 ##$$a 920.02 =090 ##$$a 920.02, Tol-o =100 ##$$a TOLOMUNDU, Farid =245 ##$$a Orang Biasa yang tidak Biasa, Inspirasi dan Harapan, Farid Tolomundu =260 ##$$a 2005 $b Mataram =300 ##$$a xi, 300 hlm., ilus., 21 cm =650 ##$$a Biografi-Silsilah =850 ##$$a NBPNMAT =990 ##$$a 0001/BPAP-NTB/2015 =990 ##$$a 75147514 =990 ##$$a 0001/BPAP-NTB/2015 =990 ##$$a 0001/BPAP-NTB/20142015 =990 ##$$a 01201436253